SEC Football Champions of the Century - Statistics

General Stats
  • This quiz has been taken 122 times
  • The average score is 20 of 25
Answer Stats
Year Champion % Correct
2021 Alabama
99%
2024 Georgia
99%
2022 Georgia
99%
2023 Alabama
98%
2020 Alabama
96%
2018 Alabama
96%
2019 LSU
94%
2016 Alabama
92%
2015 Alabama
92%
2014 Alabama
91%
2017 Georgia
91%
2012 Alabama
87%
2013 Auburn
84%
2011 LSU
79%
2009 Alabama
77%
2008 Florida
76%
2010 Auburn
73%
2006 Florida
73%
2007 LSU
73%
2005 Georgia
66%
2003 LSU
62%
2004 Auburn
60%
2002 Georgia
59%
2001 LSU
58%
2000 Florida
53%
No matching quizzes found
Score Distribution
Percent of People with Each Score
Percentile by Number Answered
Your Score History
You have not taken this quiz